Pokémon - Personnages de la 8g - Statistiques

Statistiques générales
  • Ce quiz a été pris 100 fois
    98 depuis la dernière actualisation
  • Le résultat moyen est 27 sur 65
Statistiques - réponses
Par images Réponse % Correct
Nabil
93%
Tarak
89%
Rosemary
84%
Travis
84%
Donna
77%
Faïza
77%
Peterson
77%
Roy
77%
Percy
75%
Professeure Sonya
75%
Alistair
70%
Kabu
70%
Magnolia
70%
Chaz
68%
Adamantin
66%
Lona
64%
Jean-Fleuret
61%
Jean-Targe
61%
Nacchara
61%
Sally
61%
Shehroz
61%
Gloria
59%
Liv
59%
Ball Masqué
57%
Cormier
57%
Mustar
57%
Percupio
57%
Professeur Lavande
55%
Dhilan
52%
Saturnin
50%
Sophora
50%
Aurel
41%
Lucia
41%
Marcia
36%
Victor
34%
Camille
32%
Selena
32%
Guido
30%
Garance
25%
Hermance
25%
Pivonia
25%
Penséa
23%
Apia
20%
Constance
20%
Élian
20%
Ryza
20%
Garana
18%
Big Chen
16%
Lagéna
16%
Alba Minçalor
14%
Bélila
14%
Graham
14%
Hortensio
14%
Lardi
14%
Jack
11%
Mélie
11%
Sabi
11%
Gino
9%
Noham
9%
Sica
9%
Alben
7%
Esra
7%
Garrett
7%
Hygia
7%
Nectarin
7%
Aucun quiz correspondant
Distribution des résultats
% des personnes avec chaque résultat
Percentile par nombre de réponses
Votre historique - résultats
Vous n’avez pas pris ce quiz depuis la dernière actualisation